000 00625cam a22002174a 4500
005 20250605164245.0
008 250528s ||||||||||||||||||||||||d
035 _a21458
040 _aGR-AtMCL
_bgre
_dGR-AtMCL
_eAACR2
245 1 _aPROFICIENCY MASTERCLASS (SET OF 3)
250 _a1
260 _bOxford University Press,
_c2002
505 0 _aINCLUDES: WORKBOOK,TEACHER'S BOOK, STUDENT'S BOOK
520 _aINCLUDES: WORKBOOK,TEACHER'S BOOK, STUDENT'S BOOK
700 1 _aDuckworth Michael
_97493
700 1 _aGude Kathy
_97494
700 1 _aHouse Roger
_97495
942 _cBK
999 _c6520
_d6520